Qurani aayat aur sciency haqaiq (Record no. 63350)

000 -LEADER
fixed length control field 00534nam a22001817a 4500
003 - CONTROL NUMBER IDENTIFIER
control field NUST - PNEC
005 - DATE AND TIME OF LATEST TRANSACTION
control field 20170116180810.0
008 - FIXED-LENGTH DATA ELEMENTS--GENERAL INFORMATION
fixed length control field 150428b xxu||||| |||| 00| 0 eng d
020 ## - INTERNATIONAL STANDARD BOOK NUMBER
International Standard Book Number -
040 ## - CATALOGING SOURCE
Transcribing agency LIBRARY
082 ## - DEWEY DECIMAL CLASSIFICATION NUMBER
Classification number 297.161 GIL
100 ## - MAIN ENTRY--PERSONAL NAME
9 (RLIN) 3298
Personal name Gilani, Sayed Mohammad Feroz Shah
245 ## - TITLE STATEMENT
Title Qurani aayat aur sciency haqaiq
Statement of responsibility, etc. Sayed Mohammad Feroz Shah Gilani
260 ## - PUBLICATION, DISTRIBUTION, ETC.
Place of publication, distribution, etc. Karachi:
Name of publisher, distributor, etc. Indus Publication Corporation,
Date of publication, distribution, etc. c2009.
300 ## - PHYSICAL DESCRIPTION
Extent 695 p. :
Dimensions 22 cm.
650 ## - SUBJECT ADDED ENTRY--TOPICAL TERM
9 (RLIN) 3299
Topical term or geographic name entry element Islam, Quran
General subdivision General
942 ## - ADDED ENTRY ELEMENTS (KOHA)
Source of classification or shelving scheme
Koha item type Book
Holdings
Withdrawn status Lost status Source of classification or shelving scheme Damaged status Not for loan Permanent Location Current Location Shelving location Date acquired Source of acquisition Cost, normal purchase price Total Checkouts Full call number Barcode Date last seen Cost, replacement price Price effective from Koha item type
          Pakistan Navy Engineering College (PNEC) Pakistan Navy Engineering College (PNEC)   05/30/1998 Royal Book Co/Library/Reference Grant 175.00   297.161 GIL PNECLIB-020076 04/28/2015 175.00 05/30/1998 Book
© 2023 Central Library, National University of Sciences and Technology. All Rights Reserved.